| 000 | 01073nab a22002417a 4500 | ||
|---|---|---|---|
| 999 |
_c5386 _d5386 |
||
| 003 | OSt | ||
| 005 | 20250311085444.0 | ||
| 008 | 190604e xxu||||| |||| 00| 0 spa d | ||
| 040 | _cPJ | ||
| 100 |
_96421 _aAlgarra, Alejandra M. R. |
||
| 245 | 1 | 3 |
_aEl silencio positivo de la Administración nacional / _cAlejandra M. R. Algarra. |
| 260 |
_aCiudad Autónoma de Buenos Aires : _bThomson Reuters La Ley, _c2025. |
||
| 300 | _ap. 5-10 | ||
| 500 | _aCita Online: TR LALEY AR/DOC/130/2025 | ||
| 505 | _aSumario: I. Introducción.— II. El silencio positivo en la legislación nacional argentina.— III. Consideraciones finales. | ||
| 505 | _t¿Te interesa el texto completo? Solicitalo al correo: koha@justierradelfuego.gov.ar | ||
| 650 | 0 |
_9877 _aADMINISTRACION PUBLICA |
|
| 650 | 0 |
_91171 _aACTO ADMINISTRATIVO |
|
| 650 | 0 |
_9877 _aADMINISTRACION PUBLICA |
|
| 650 | 0 |
_96422 _aPRONTO DESPACHO |
|
| 773 | 0 |
_02714 _93171 _dCiudad Autónoma de Buenos Aires : Thomson Reuters La Ley, 2014- _tRevista anales de legislación argentina. Nº 3 - Marzo 2025. |
|
| 942 |
_2udc _cANA |
||